Datum a čas kvízu
16
Celkem bodů
Celkový počet nahraných bodů na tomto kvízu bez doplňovacích otázek.
7.
Pořadí na kvízu
Konečné umístění týmu na tomto kvízu.
Zaznamenané odpovědi
| # | Otázka | Odpověď | Body | Výsledky |
|---|---|---|---|---|
| 1. | Český internet se minulý týden... | Marta Nováková | 0 | |
| 2. | Saúdská Arábie jmenovala svoji... | Spojené státy americké | 0 | |
| 3. | Jak se nazývá snímek, který v... | Zelená kniha | 1 | |
| 4. | Jak se nazývá země, jejíž auto... | Izrael | 0 | |
| 5. | Úřadující mistr světa v automo... | Zlatý volant | 0 | |
| 6. | Cestovatel Miroslav Zikmund os... | Tatra 87 | 0 | |
| 7. | Dne 31. července 1947, což byl... | Tobruk | 1 | |
| 8. | Dne 28. ledna 1948 vztyčili ce... | C | 0 | |
| 9. | V prvním červencovém týdnu se... | Buenos Aires | 0 | |
| 10. | V Kongu zažili Zikmund s Hanze... | zrození sopky (Vovokvabiti) | 0 |